000 01189nam a2200265Ia 4500
003 OSt
005 20220930094755.0
006 a|||||r|||| 00| 0
007 ta
008 220926b |||||||| |||| 00| 0 san d
024 _a11281
037 _cTheses
040 _aCRL
_cCRL
_bsan
041 _2san
_asan
100 _aउदिता, ले.
110 _aदिल्ली विश्वविद्यालय. कला संकाय. संस्कृत विभाग
_9556261
245 0 _aवाक्यपदीय के द्वितीय काण्ड पर आधारित अम्बाकर्त्री टीका का समालोचनात्मक अध्ययन
246 _aVākyapadīya ke dvitīya kāṇḍa par ādhārit ambākartrī ṭīkā kā samālochanātmak adhyayana
260 _c2012
300 _a337पृ0
_ap.
_ccm.
650 _aसंस्कृत साहित्य
700 _aदिल्ली विश्वविद्यालय. कला संकाय. संस्कृत विभाग
_9556262
942 _cDIS
_2CC
999 _c887661
_d887661